13 Great stories of science fiction

Gardado en:
Detalles Bibliográficos
Autor Principal: Conklin, Groff (Author)
Formato: Libro
Idioma:inglés
Publicado: Greenwich Fawcett Publications 1960
Series:Gold Medal Collection, 444
Subjects:
Tags: Engadir etiqueta
Sen Etiquetas, Sexa o primeiro en etiquetar este rexistro!

MARC

LEADER 00000nam a2200000 a 4500
001 UCQ2491
003 CL-VaPUC
008 980724e19600000US |||||||||||||||||eng|d
082 0 4 |a 808.83  |b CON  |2 21 
100 0 |a Conklin, Groff  |e author  |9 416414 
245 1 0 |a 13 Great stories of science fiction 
300 |a 192 p 
942 |c BK 
945 |d 19980724 00:00:00  |a crobeson 
260 |a Greenwich  |b Fawcett Publications  |c 1960 
650 0 |a Ciencia ficción   |9 314542 
650 0 |a Novelas estadounidenses  |9 265217 
650 0 |a Literatura estadounidense  |9 317168 
583 |a last modification  |c 19980724 00:00:00  |k Rodrigo Vera 
490 0 |a Gold Medal Collection, 444 
999 |c 273309  |d 273307 
952 |0 0  |1 0  |4 0  |6 808_830000000000000_CON_1960  |7 0  |8 A  |9 308747  |a BIBEDU  |b BIBEDU  |d 2019-11-20  |i 1448137  |o 808.83 CON 1960  |p 1448137  |r 2019-11-20  |w 2019-11-20  |y BK  |k LIT